000
00238nam a2200097Ia 4500
001
990948
005
20250826221320.0
008
250824s9999 xx 000 0 und d
245
0
_a
BUKRE KALP
_c
KAHRAMAN TAZEOĞLU
260
_b
DESTEK YAYINLARI
999
_c
990948
_d
990948